000 01047nam0a22002411 4500
001 rc\1002160
005 20260407103340.0
035 _a(NLR Aleph) 006168334
090 _a5937365
_c5937365
100 _a20041129d1981 |||y0rusy50 ca
101 0 _arus
102 _aRU
105 _ay |||||||||
200 1 _aСоциальное развитие советского общества на современном этапе
_e[Сб. науч. тр.
_fТашк. гос. пед. ин-т им. Низами
_gРедкол.: С.П. Турсунмухамедов (отв. ред.) и др.
210 _aТашкент
_cТашк. ГПИ
_d1981
215 _a142 с.
_d20
702 1 _aТурсунмухамедов
_bС.П.
_gСаттар Пазилхакович
_4340
712 0 2 _aТашкентский государственный педагогический институт им. Низами
_3RU\NLR\AUTH\889932097
_9359537
801 0 _aRU
_bNLR
_gpsbo
801 1 _aRU
_bELAR
_2rusmarc
852 _aNLR
_j82-3/5807
942 _cBOOK
980 _aNB